Mentre l'Inghilterra dorme /

Gespeichert in:
Bibliographische Detailangaben
1. Verfasser: Leavitt, David, 1961- (Verfasst von)
Weitere Verfasser: Vezzoli, Delfina
Format: Buch
Sprache:Italienisch
Veröffentlicht: Milano : A. Mondadori, copyr. 1995
Schriftenreihe:Omnibus
Tags: Tag hinzufügen
Keine Tags, Fügen Sie das erste Tag hinzu!

MARC

LEADER 00000nam a22000007i 4500
001 IT\ICCU\RLZ\0227409
003 ItRI
005 20240227171747.0
008 990721s1995 it |||||| ||||| |||||c
020 |a 880438199X 
040 |b ita  |c C 
041 7 |a ita  |2 ISO-639-2 
100 1 |a Leavitt, David,  |d 1961-  |0 IT\ICCU\CFIV\008092  |4 aut  |9 6 
245 1 0 |a Mentre l'Inghilterra dorme /  |c David Leavitt ; Traduzione di Delfina Vezzoli. 
260 |a Milano :  |b A. Mondadori,  |c copyr. 1995 
300 |a 236 p. ;  |c 22 cm 
500 |a Tit orig.: While England sleeps 
700 1 |a Vezzoli, Delfina  |0 IT\ICCU\CFIV\008093 
830 0 |a Omnibus  |0 IT\ICCU\CFI\0000512 
942 |2 ddc  |c BK 
952 |0 0  |1 0  |2 ddc  |4 0  |6 813_540000000000000_LEA_MEN  |7 1  |9 456  |a GE  |b GE  |d 2019-10-14  |l 0  |o 813.54 LEA MEN  |p 3291  |r 2023-12-15 22:09:10  |w 2023-12-15  |y BK 
952 |0 0  |1 0  |2 ddc  |4 0  |6 813_540000000000000_LEA_MEN  |7 1  |9 2615  |a RN  |b RN  |d 2024-12-31  |l 0  |o 813.54 LEA MEN  |p 10054  |r 2024-12-31 15:42:38  |w 2024-12-31  |y BK 
952 |0 0  |1 0  |2 ddc  |4 0  |6 813_540000000000000_LEA_MEN  |7 1  |9 2616  |a RN  |b RN  |d 2024-12-31  |l 0  |o 813.54 LEA MEN  |p 10055  |r 2024-12-31 15:43:29  |w 2024-12-31  |y BK 
952 |0 0  |1 0  |2 ddc  |4 0  |6 813_540000000000000_LEA_MEN  |7 0  |9 3034  |a RN  |b RN  |d 2025-02-10  |l 0  |o 813.54 LEA MEN   |p 10318  |r 2025-02-10 22:53:23  |w 2025-02-10  |y BK  |z Donazione di Giovanni Rimondini 
981 1 |6 z01  |a i   |b xxxe  
982 1 |6 z01  |a n 
999 |c 364  |d 364